| 000 | 01013nam a22003137a 4500 | ||
|---|---|---|---|
| 003 | CHAP | ||
| 005 | 20230629062631.0 | ||
| 008 | 971013s1983 r 00010 d | ||
| 010 | _a51529 | ||
| 011 | _a52501 | ||
| 035 | _a56651 | ||
| 040 | _cCHAP | ||
| 090 | _aTesis | ||
| 100 | 0 | 0 |
_aTovar Rodríguez, Alejandro. _9114419 |
| 245 | _aEnfermedades de la papa (Solanum tuberosum) en el almacén | ||
| 260 |
_aMarín, N.L. : _bEl autor, _c1983 |
||
| 300 | _a48 h. | ||
| 502 | _aTesis (Ing. Agr. Parasitólogo) -- Univ.Autónoma de Nuevo León. Fac. de Agronomía | ||
| 590 |
_aALEPH _b10 _c20130110 _lUCH01 _h1327 |
||
| 590 |
_aBATCH-UPD _b10 _c20130110 _lUCH01 _h0809 |
||
| 590 |
_aBATCH-UPD _b10 _c20130410 _lUCH01 _h0447 |
||
| 590 |
_aBATCH-UPD _b10 _c20130914 _lUCH01 _h1858 |
||
| 590 |
_aCONVERSION _b10 _c20130109 _lUCH01 _h1328 |
||
| 650 | 1 | 4 |
_aPapa _xAlmacenamiento. _985167 |
| 650 | 1 | 7 |
_aPapas _xEnfermedades _2 _985227 |
| 901 | _aBK | ||
| 942 | _cTESIS | ||
| 949 |
_bBC _cTES _d-123678 _eTS1 _h19143 _i56651 _mD _si |
||
| 999 |
_c51529 _d51529 |
||